00907cam a2200241 a 450000100040000000500170000402000300002104000350005105000140008608200150010010000220011524500720013726000570020930000570026650500070032352001970033052100180052752100180054565000250056365000240058865000200061270000330063245520240627085800.0 a9781442421233 (hardcover) aDLCcDLCdDLCdDLCdFISKHbeng00aPZ7.D621900a813.6 2221 aDiPucchio, Kelly.10aCrafty Chloe /cby Kelly DiPucchio ; illustrations by Heather Ross. aNew York :bAtheneum Books for Young Readers,c2012. a18 leaves of plates :bcolor illustrations ;c30 cm. aM  aChloe is very good at sewing and crafts and when her best friend's birthday approaches, she not only creates a fabulous gift, she also saves the day for a classmate who had been unkind to her.1 a570 bLexile1 aM bRaz-Plus 1aHandicraftvFiction. 1aBirthdaysvFiction. 1aGiftsvFiction.1 aRoss, Heather,eillustrator